<?xml version="1.0" encoding="UTF-8"?>
<record
    xmlns:xsi="http://www.w3.org/2001/XMLSchema-instance"
    xsi:schemaLocation="http://www.loc.gov/MARC21/slim http://www.loc.gov/standards/marcxml/schema/MARC21slim.xsd"
    xmlns="http://www.loc.gov/MARC21/slim">

  <leader>00359nam a2200145Ia 4500</leader>
  <controlfield tag="008">150201s2012    xx            000 0 und d</controlfield>
  <datafield tag="082" ind1=" " ind2=" ">
    <subfield code="a">611</subfield>
    <subfield code="b">E12K</subfield>
  </datafield>
  <datafield tag="100" ind1=" " ind2=" ">
    <subfield code="a">KOTHARI, MANU L.</subfield>
  </datafield>
  <datafield tag="245" ind1=" " ind2=" ">
    <subfield code="a">ESSENTIALS OF HUMAN GENETICS</subfield>
  </datafield>
  <datafield tag="250" ind1=" " ind2=" ">
    <subfield code="a">5TH</subfield>
  </datafield>
  <datafield tag="260" ind1=" " ind2=" ">
    <subfield code="b">UNIVERSITY PRESS</subfield>
    <subfield code="a">HYD INDIA</subfield>
    <subfield code="c">2012</subfield>
  </datafield>
  <datafield tag="300" ind1=" " ind2=" ">
    <subfield code="a">1-488</subfield>
  </datafield>
  <datafield tag="650" ind1=" " ind2=" ">
    <subfield code="a">HUMAN ANATOMY</subfield>
  </datafield>
  <datafield tag="942" ind1=" " ind2=" ">
    <subfield code="2">ddc</subfield>
    <subfield code="c">BK</subfield>
    <subfield code="0">3</subfield>
  </datafield>
  <datafield tag="952" ind1=" " ind2=" ">
    <subfield code="0">0</subfield>
    <subfield code="1">0</subfield>
    <subfield code="2">ddc</subfield>
    <subfield code="4">0</subfield>
    <subfield code="7">0</subfield>
    <subfield code="8">MEDICAL</subfield>
    <subfield code="a">FM</subfield>
    <subfield code="b">FM</subfield>
    <subfield code="c">TXT</subfield>
    <subfield code="d">2014-01-23</subfield>
    <subfield code="e">ABC DELHI</subfield>
    <subfield code="g">550.00</subfield>
    <subfield code="i">SGTU</subfield>
    <subfield code="l">8</subfield>
    <subfield code="o">611 E12K</subfield>
    <subfield code="p">FM5606</subfield>
    <subfield code="r">2026-03-30 00:00:00</subfield>
    <subfield code="s">2026-03-30</subfield>
    <subfield code="w">2014-02-08</subfield>
    <subfield code="y">BK</subfield>
    <subfield code="k">4209</subfield>
  </datafield>
  <datafield tag="952" ind1=" " ind2=" ">
    <subfield code="0">0</subfield>
    <subfield code="1">0</subfield>
    <subfield code="2">ddc</subfield>
    <subfield code="4">0</subfield>
    <subfield code="7">0</subfield>
    <subfield code="8">MEDICAL</subfield>
    <subfield code="a">FM</subfield>
    <subfield code="b">FM</subfield>
    <subfield code="c">TXT</subfield>
    <subfield code="d">2014-01-23</subfield>
    <subfield code="e">ABC DELHI</subfield>
    <subfield code="g">550.00</subfield>
    <subfield code="i">SGTU</subfield>
    <subfield code="l">6</subfield>
    <subfield code="o">611 E12K</subfield>
    <subfield code="p">FM5607</subfield>
    <subfield code="r">2026-04-13 00:00:00</subfield>
    <subfield code="s">2026-03-30</subfield>
    <subfield code="w">2014-02-08</subfield>
    <subfield code="y">BK</subfield>
    <subfield code="k">4209</subfield>
  </datafield>
  <datafield tag="952" ind1=" " ind2=" ">
    <subfield code="0">0</subfield>
    <subfield code="1">0</subfield>
    <subfield code="2">ddc</subfield>
    <subfield code="4">0</subfield>
    <subfield code="7">0</subfield>
    <subfield code="8">MEDICAL</subfield>
    <subfield code="a">FM</subfield>
    <subfield code="b">FM</subfield>
    <subfield code="c">TXT</subfield>
    <subfield code="d">2014-01-23</subfield>
    <subfield code="e">ABC DELHI</subfield>
    <subfield code="g">550.00</subfield>
    <subfield code="i">SGTU</subfield>
    <subfield code="l">1</subfield>
    <subfield code="o">611 E12K</subfield>
    <subfield code="p">FM5608</subfield>
    <subfield code="r">2021-08-21 00:00:00</subfield>
    <subfield code="s">2021-07-14</subfield>
    <subfield code="w">2014-02-08</subfield>
    <subfield code="y">BK</subfield>
    <subfield code="k">4209</subfield>
  </datafield>
  <datafield tag="952" ind1=" " ind2=" ">
    <subfield code="0">0</subfield>
    <subfield code="1">0</subfield>
    <subfield code="2">ddc</subfield>
    <subfield code="4">0</subfield>
    <subfield code="7">0</subfield>
    <subfield code="8">MEDICAL</subfield>
    <subfield code="a">FM</subfield>
    <subfield code="b">FM</subfield>
    <subfield code="c">TXT</subfield>
    <subfield code="d">2014-01-23</subfield>
    <subfield code="e">ABC DELHI</subfield>
    <subfield code="g">550.00</subfield>
    <subfield code="i">SGTU</subfield>
    <subfield code="l">0</subfield>
    <subfield code="o">611 E12K</subfield>
    <subfield code="p">FM5609</subfield>
    <subfield code="r">2015-02-09 00:00:00</subfield>
    <subfield code="w">2014-02-08</subfield>
    <subfield code="y">BK</subfield>
    <subfield code="k">4209</subfield>
  </datafield>
  <datafield tag="952" ind1=" " ind2=" ">
    <subfield code="0">0</subfield>
    <subfield code="1">0</subfield>
    <subfield code="2">ddc</subfield>
    <subfield code="4">0</subfield>
    <subfield code="7">0</subfield>
    <subfield code="8">MEDICAL</subfield>
    <subfield code="a">FM</subfield>
    <subfield code="b">FM</subfield>
    <subfield code="c">TXT</subfield>
    <subfield code="d">2014-01-23</subfield>
    <subfield code="e">ABC DELHI</subfield>
    <subfield code="g">550.00</subfield>
    <subfield code="i">SGTU</subfield>
    <subfield code="l">7</subfield>
    <subfield code="o">611 E12K</subfield>
    <subfield code="p">FM5610</subfield>
    <subfield code="q">2026-06-18</subfield>
    <subfield code="r">2026-06-04 12:14:29</subfield>
    <subfield code="s">2026-06-04</subfield>
    <subfield code="w">2014-02-08</subfield>
    <subfield code="y">BK</subfield>
    <subfield code="k">4209</subfield>
  </datafield>
  <datafield tag="999" ind1=" " ind2=" ">
    <subfield code="c">1597</subfield>
    <subfield code="d">1597</subfield>
  </datafield>
</record>
